000 01021nam0a22002771 4500
001 rc\2285548
005 20260407091505.0
035 _a(NLR Aleph) 006527490
090 _a6497301
_c6497301
100 _a20110826d1979 |||y0rusy50 ca
101 0 _arus
102 _aRU
105 _ay z |||||
200 1 _aРекомендации по оценке уровня деятельности ведомственных метрологических служб
_fВНИИ метрол. службы
210 _aМосква
_cИзд-во стандартов
_d1979
215 _a51 с.
_d21
606 _aМетрологическая служба
_xОценка деятельности
_2psbo
686 _aЖ10к2я82
_2rubbk
712 0 2 _aВНИИ метрологической службы
_3RU\NLR\AUTH\8816856
_9306974
801 0 _aRU
_bNLR
_gpsbo
801 1 _aRU
_bELAR
_2rusmarc
852 _aNLR
_j79-6/771
899 _aRuMoRGB
_jВ 79-7/1674
899 _aRuMoRGB
_jВ 79-7/1675
942 _cBOOK
980 _aNB